[Event "17. European Women's Championship 2016"]
[Site "Mamaia ROU"]
[Date "2016.06.04"]
[Round "8.52"]
[White "Jap Tjoen San, Linda"]
[Black "Gitu, Paula-Alexandra"]
[Result "1/2-1/2"]
[WhiteElo "2116"]
[BlackElo "1949"]
[PlyCount "40"]
[EventDate "2016.05.27"]
[EventType "swiss"]
[EventRounds "11"]
[EventCountry "ROU"]
[Source "lmi"]
[SourceDate "2016.05.26"]

1. e4 d6 2. f4 e5 3. Nf3 Bg4 4. h3 Bxf3 5. Qxf3 exf4 6. Qxf4 Qf6 7. d3 Nc6 8.
Be2 Nd4 9. Bd1 Ne6 10. Qxf6 Nxf6 11. Be3 d5 12. e5 Nd7 13. d4 f6 14. Bg4 Ke7
15. Nc3 c6 16. exf6+ Nxf6 17. Bf5 g6 18. Bxe6 Kxe6 19. O-O-O Bg7 20. Rhf1 Kd7
1/2-1/2

[Event "17. European Women's Championship 2016"]
[Site "Mamaia ROU"]
[Date "2016.06.04"]
[Round "8.53"]
[White "Sucikova, Svetlana"]
[Black "Surovtseva, Alisa"]
[Result "1-0"]
[WhiteElo "2072"]
[BlackElo "1574"]
[PlyCount "77"]
[EventDate "2016.05.27"]
[EventType "swiss"]
[EventRounds "11"]
[EventCountry "ROU"]
[Source "lmi"]
[SourceDate "2016.05.26"]

1. c4 e5 2. Nc3 Nf6 3. g3 d5 4. cxd5 Nxd5 5. Bg2 Nb6 6. Nf3 Nc6 7. O-O Be7 8.
a3 O-O 9. b4 Be6 10. d3 Nd4 11. Bb2 Nxf3+ 12. Bxf3 c6 13. Rc1 Bh3 14. Re1 Qd7
15. Ne4 f6 16. Nc5 Bxc5 17. Rxc5 Be6 18. Ba1 Rad8 19. Qc2 Bd5 20. e4 Be6 21.
Be2 Qf7 22. Qd2 Rd6 23. Qe3 Re8 24. Kh1 Rdd8 25. Rg1 Nd7 26. Rcc1 Nf8 27. f4
exf4 28. gxf4 Bd5 29. Qf3 Ng6 30. Rg3 Bb3 31. Rcg1 f5 32. Qh5 fxe4 33. f5 exd3
34. Bf3 Rd5 35. fxg6 Rxh5 36. gxf7+ Bxf7 37. Rxg7+ Kf8 38. Rxf7+ Kxf7 39. Bxh5+
1-0

[Event "17. European Women's Championship 2016"]
[Site "Mamaia ROU"]
[Date "2016.06.04"]
[Round "8.54"]
[White "Grigoryan, Meri"]
[Black "Motycakova, Monika"]
[Result "0-1"]
[WhiteElo "2016"]
[BlackElo "2170"]
[PlyCount "88"]
[EventDate "2016.05.27"]
[EventType "swiss"]
[EventRounds "11"]
[EventCountry "ROU"]
[Source "lmi"]
[SourceDate "2016.05.26"]

1. e4 e5 2. Nf3 Nc6 3. Bc4 Bc5 4. c3 Nf6 5. d3 d6 6. b4 Bb6 7. a4 a5 8. b5 Ne7
9. O-O Ng6 10. Ba2 O-O 11. Nbd2 c6 12. Nc4 Bc7 13. Re1 Re8 14. Ba3 d5 15. Ne3
h6 16. Qc2 Nf4 17. Rad1 Nh7 18. d4 exd4 19. Rxd4 Ng5 20. Nxg5 Qxg5 21. f3 Bb6
22. Kh1 Bxd4 23. cxd4 Bd7 24. g3 Ne6 25. Nf5 Nd8 26. Nd6 Re6 27. e5 Rg6 28. Bb1
Qh5 29. g4 Qh3 30. Qf2 Rxg4 31. fxg4 Qxa3 32. Rf1 Bxg4 33. Qc2 Bf3+ 34. Kg1
Qe3+ 35. Rf2 g6 36. Nxf7 Nxf7 37. Qxg6+ Kf8 38. e6 Qg5+ 39. Qxg5 Nxg5 40. Kf1
Ke7 41. h4 Ne4 42. Rxf3 Nd2+ 43. Ke2 Nxf3 44. Kxf3 cxb5 0-1

[Event "17. European Women's Championship 2016"]
[Site "Mamaia ROU"]
[Date "2016.06.04"]
[Round "8.55"]
[White "Pancu, Aureliana-Eugenia"]
[Black "Anghel, Maria"]
[Result "1-0"]
[WhiteElo "1841"]
[BlackElo "1703"]
[PlyCount "77"]
[EventDate "2016.05.27"]
[EventType "swiss"]
[EventRounds "11"]
[EventCountry "ROU"]
[Source "lmi"]
[SourceDate "2016.05.26"]

1. Nf3 c5 2. c4 Nc6 3. Nc3 e5 4. d3 g6 5. g3 Bg7 6. Bg2 Nge7 7. O-O d6 8. Bd2
O-O 9. Qc1 Re8 10. e4 a5 11. Be3 f5 12. Qd2 Be6 13. Ng5 Bc8 14. f4 exf4 15.
gxf4 h6 16. Nf3 Be6 17. Nd5 Rb8 18. Rab1 b5 19. b3 b4 20. Qf2 Bf7 21. Kh1 a4
22. Nh4 axb3 23. axb3 Bxd5 24. cxd5 Nd4 25. Bxd4 Bxd4 26. Qg3 Kh7 27. Rbe1 Bc3
28. Re2 Rg8 29. Qh3 Qe8 30. exf5 Qf7 31. fxg6+ Nxg6 32. Be4 Rbe8 33. Nxg6 Rxe4
34. dxe4 Rxg6 35. Qf5 Qxf5 36. exf5 Rg7 37. Re6 Rd7 38. Rf3 Bd4 39. Rh3 1-0

[Event "17. European Women's Championship 2016"]
[Site "Mamaia ROU"]
[Date "2016.06.04"]
[Round "8.56"]
[White "Cimpean, Andra"]
[Black "Milak, Adela"]
[Result "1-0"]
[WhiteElo "1794"]
[BlackElo "1677"]
[PlyCount "81"]
[EventDate "2016.05.27"]
[EventType "swiss"]
[EventRounds "11"]
[EventCountry "ROU"]
[Source "lmi"]
[SourceDate "2016.05.26"]

1. e4 e6 2. d4 d5 3. Nd2 c5 4. c3 Nc6 5. Ngf3 dxe4 6. Nxe4 cxd4 7. cxd4 Nf6 8.
Nc3 Bd7 9. a3 Rc8 10. Bd3 Qb6 11. Bc2 Bd6 12. O-O O-O 13. Qd3 g6 14. Bh6 Rfd8
15. Rfb1 e5 16. Bg5 Bf5 17. Qd2 Bxc2 18. Bxf6 Bxb1 19. Bxd8 Qxd8 20. d5 Nd4 21.
Rxb1 Nxf3+ 22. gxf3 Rc4 23. Ne4 Rd4 24. Qh6 Bf8 25. Qe3 f5 26. Nc3 Bg7 27. Re1
Qb6 28. b4 Qa6 29. Ra1 Rd3 30. Qc5 Rxf3 31. d6 Rxc3 32. Qxc3 Qxd6 33. Qc8+ Qf8
34. Qxb7 Qf7 35. Qxf7+ Kxf7 36. Rc1 e4 37. Rc7+ Kf8 38. Rxa7 Bb2 39. b5 Ke8 40.
b6 Bd4 41. Ra8+ 1-0

[Event "17. European Women's Championship 2016"]
[Site "Mamaia ROU"]
[Date "2016.06.05"]
[Round "9.2"]
[White "Paehtz, Elisabeth"]
[Black "Gaponenko, Inna"]
[Result "1-0"]
[WhiteElo "2489"]
[BlackElo "2415"]
[PlyCount "65"]
[EventDate "2016.05.27"]
[EventType "swiss"]
[EventRounds "11"]
[EventCountry "ROU"]
[Source "lmi"]
[SourceDate "2016.05.26"]

1. e4 c5 2. Nf3 d6 3. d4 cxd4 4. Nxd4 Nf6 5. Nc3 g6 6. Be3 Bg7 7. f3 Nc6 8. Qd2
O-O 9. Bc4 Bd7 10. h4 Rc8 11. Bb3 Ne5 12. h5 Nxh5 13. O-O-O Nc4 14. Bxc4 Rxc4
15. g4 Nf6 16. Nde2 Qa5 17. Bh6 Rfc8 18. Bxg7 Kxg7 19. Qh6+ Kg8 20. Rd5 Qc7 21.
Rd3 Qa5 22. Kb1 Be6 23. a3 Qc5 24. Ng3 Qf2 25. Nge2 b5 26. g5 Nh5 27. Nf4 Rxc3
28. bxc3 Qc5 29. Rxh5 gxh5 30. Nxh5 Qe5 31. f4 Qh8 32. Nf6+ exf6 33. gxf6 1-0

[Event "17. European Women's Championship 2016"]
[Site "Mamaia ROU"]
[Date "2016.06.05"]
[Round "9.3"]
[White "Bodnaruk, Anastasia"]
[Black "Vega Gutierrez, Sabrina"]
[Result "0-1"]
[WhiteElo "2475"]
[BlackElo "2375"]
[PlyCount "156"]
[EventDate "2016.05.27"]
[EventType "swiss"]
[EventRounds "11"]
[EventCountry "ROU"]
[Source "lmi"]
[SourceDate "2016.05.26"]

1. e4 c5 2. Nc3 d6 3. Nge2 Nf6 4. d4 cxd4 5. Nxd4 e6 6. g4 h6 7. Bg2 a6 8. h3
Nfd7 9. Be3 Nc6 10. Qe2 g5 11. O-O-O Nde5 12. h4 Rg8 13. hxg5 hxg5 14. Rh7 Bd7
15. Nf5 Qc7 16. Ng3 O-O-O 17. Na4 Nb4 18. Nb6+ Kb8 19. Nxd7+ Rxd7 20. a3 Nbc6
21. Rdh1 Be7 22. Rh8 Rdd8 23. Rxg8 Rxg8 24. Nh5 Na5 25. Kb1 Nac4 26. Bc1 Qc5
27. Rh3 Rc8 28. Rc3 Bd8 29. Ka2 Qd4 30. f4 gxf4 31. Nxf4 Ba5 32. Rh3 Bd2 33. c3
Qb6 34. Rh1 Rg8 35. b3 Bxc1 36. Rxc1 Rxg4 37. Nh5 Ne3 38. Bh1 Rh4 39. Nf6 Rh6
40. Ng8 Rg6 41. Ne7 Rf6 42. Ng8 Rf4 43. Nh6 Rh4 44. Ng8 N5g4 45. Qd3 Rh2+ 46.
Ka1 Nf2 47. Qd2 Rxh1 48. Rxh1 Nxh1 49. Nf6 Kc8 50. Ne8 d5 51. Qh2 Kd8 52. Nf6
dxe4 53. Qb8+ Ke7 54. Ng8+ Kd7 55. Nf6+ Kc6 56. Qe8+ Kd6 57. Qf8+ Kc6 58. Qe8+
Kc7 59. Qxf7+ Kc8 60. b4 Qc6 61. c4 Nxc4 62. Qg8+ Kc7 63. Qh7+ Kb6 64. Nxe4 Qd5
65. Nc3 Qe5 66. Qd3 Nxa3 67. Ka2 Nb5 68. Nxb5 Qxb5 69. Qe3+ Kc7 70. Qxe6 Qa4+
71. Kb2 Qxb4+ 72. Ka1 Qd4+ 73. Ka2 Nf2 74. Qf7+ Kb8 75. Ka3 Ne4 76. Qg8+ Ka7
77. Qf7 Nc5 78. Qg8 a5 0-1

[Event "17. European Women's Championship 2016"]
[Site "Mamaia ROU"]
[Date "2016.06.05"]
[Round "9.5"]
[White "Javakhishvili, Lela"]
[Black "Daulyte, Deimante"]
[Result "1/2-1/2"]
[WhiteElo "2493"]
[BlackElo "2392"]
[PlyCount "71"]
[EventDate "2016.05.27"]
[EventType "swiss"]
[EventRounds "11"]
[EventCountry "ROU"]
[Source "lmi"]
[SourceDate "2016.05.26"]

1. d4 Nf6 2. c4 g6 3. g3 Bg7 4. Bg2 O-O 5. Nc3 d6 6. Nf3 Nc6 7. O-O e5 8. d5
Nb8 9. Ne1 a5 10. a3 Nfd7 11. e4 Nb6 12. b3 f5 13. Nd3 N8d7 14. Qc2 Nf6 15. Bb2
a4 16. c5 fxe4 17. Nxe5 Nbxd5 18. Nxd5 Nxd5 19. cxd6 Qxd6 20. Nc4 Qe7 21. Bxg7
Qxg7 22. Bxe4 Be6 23. bxa4 Nc3 24. Ne3 Nxe4 25. Qxe4 Bh3 26. Rfc1 Qf7 27. Rc2
c6 28. Qh4 Be6 29. Rb2 Rad8 30. Rab1 Rd7 31. Qe4 Re7 32. Qh4 Rd7 33. Qe4 Re7
34. Qh4 Rd7 35. Qe4 Re7 36. Qh4 1/2-1/2

[Event "17. European Women's Championship 2016"]
[Site "Mamaia ROU"]
[Date "2016.06.05"]
[Round "9.6"]
[White "Atalik, Ekaterina"]
[Black "Pogonina, Natalija"]
[Result "0-1"]
[WhiteElo "2408"]
[BlackElo "2490"]
[PlyCount "150"]
[EventDate "2016.05.27"]
[EventType "swiss"]
[EventRounds "11"]
[EventCountry "ROU"]
[Source "lmi"]
[SourceDate "2016.05.26"]

1. d4 Nf6 2. Nf3 e6 3. c4 b6 4. a3 Bb7 5. Nc3 d5 6. cxd5 Nxd5 7. Qc2 Be7 8. e4
Nxc3 9. bxc3 O-O 10. Bd3 c5 11. O-O Qc8 12. Qe2 Ba6 13. a4 Bxd3 14. Qxd3 Rd8
15. Bf4 Nd7 16. Rfd1 Nf6 17. Bg5 h6 18. Bxf6 Bxf6 19. Rac1 Qc6 20. e5 Be7 21.
Qb5 Rac8 22. h3 Qc7 23. Qb1 a6 24. Qd3 c4 25. Qc2 b5 26. Rb1 Rb8 27. axb5 axb5
28. Nd2 b4 29. cxb4 Rxd4 30. b5 c3 31. g3 Bb4 32. Nf3 Rxd1+ 33. Rxd1 Rxb5 34.
Qa4 Rb8 35. Rc1 Qc5 36. Qd7 Ba5 37. Qd6 Qb5 38. Kg2 Rd8 39. Qa3 Rd3 40. Qa2 Qb7
41. Qe2 Rd2 42. Qe1 Rb2 43. Qd1 Qc6 44. Qd3 Rd2 45. Qe3 Qd5 46. Rb1 Rd3 47. Qe2
Bc7 48. Re1 Bxe5 49. Qe4 Qxe4 50. Rxe4 c2 51. Nxe5 Rxg3+ 52. Kxg3 c1=Q 53. Nf3
Qc2 54. Re3 g5 55. Kg2 Qf5 56. Ne5 Kg7 57. Nf3 Qf4 58. Ne5 f6 59. Nf3 e5 60.
Ne1 Kg6 61. Nf3 h5 62. Ng1 Qd4 63. Nf3 Qd5 64. Kg1 e4 65. Ne1 f5 66. Ng2 f4 67.
Re1 Kf5 68. Rc1 g4 69. hxg4+ hxg4 70. Rc8 Qd1+ 71. Kh2 Qd6 72. Kg1 e3 73. Nh4+
Kg5 74. Ng2 exf2+ 75. Kxf2 g3+ 0-1

[Event "17. European Women's Championship 2016"]
[Site "Mamaia ROU"]
[Date "2016.06.05"]
[Round "9.7"]
[White "Foisor, Cristina-Adela"]
[Black "Zawadzka, Jolanta"]
[Result "0-1"]
[WhiteElo "2322"]
[BlackElo "2442"]
[PlyCount "88"]
[EventDate "2016.05.27"]
[EventType "swiss"]
[EventRounds "11"]
[EventCountry "ROU"]
[Source "lmi"]
[SourceDate "2016.05.26"]

1. Nf3 d5 2. g3 Bg4 3. Bg2 c6 4. d3 Nf6 5. Nbd2 Nbd7 6. h3 Bh5 7. O-O e5 8. e4
dxe4 9. dxe4 Qc7 10. Qe2 Nc5 11. a4 a5 12. b3 Nfd7 13. Bb2 f6 14. Nc4 Be7 15.
Ne3 Ne6 16. Qe1 O-O 17. Bc3 Rfd8 18. Nd2 Bc5 19. Bf3 Bf7 20. Ndc4 b6 21. Bb2
Nd4 22. Bd1 Nf8 23. Kg2 Nde6 24. h4 Bg6 25. Nf5 Nd4 26. Nce3 Nxf5 27. exf5 Bf7
28. Bf3 Bd4 29. Nd1 Rac8 30. Nc3 Nd7 31. Rb1 Nc5 32. Ba3 Qd7 33. Ne4 Qxf5 34.
Bxc5 Bxc5 35. Nxc5 bxc5 36. Qxa5 e4 37. Be2 e3 38. Bd3 Rxd3 39. cxd3 e2 40. Rg1
Bd5+ 41. Kh2 Qxf2+ 42. Kh3 Be6+ 43. g4 h5 44. Rg2 hxg4+ 0-1

[Event "17. European Women's Championship 2016"]
[Site "Mamaia ROU"]
[Date "2016.06.05"]
[Round "9.8"]
[White "Shvayger, Yuliya"]
[Black "Mkrtchian, Lilit"]
[Result "0-1"]
[WhiteElo "2415"]
[BlackElo "2434"]
[PlyCount "80"]
[EventDate "2016.05.27"]
[EventType "swiss"]
[EventRounds "11"]
[EventCountry "ROU"]
[Source "lmi"]
[SourceDate "2016.05.26"]

1. e4 c5 2. Nf3 e6 3. d4 cxd4 4. Nxd4 a6 5. Nc3 Qc7 6. f4 d6 7. Bd3 Nf6 8. Nb3
b5 9. O-O Nbd7 10. Qe2 Bb7 11. a4 b4 12. Nd1 d5 13. e5 Ne4 14. Nf2 Ndc5 15. Be3
Be7 16. Qh5 Nxf2 17. Rxf2 Nxb3 18. cxb3 d4 19. Bd2 g6 20. Qh6 Bf8 21. Qh3 Be7
22. Raf1 h5 23. Rc1 Qd7 24. Be1 Rc8 25. Rd1 Qd5 26. Rfd2 Kf8 27. Bc4 Qe4 28.
Bf2 Qxf4 29. Bxd4 Qf5 30. Qxf5 gxf5 31. Be3 Rg8 32. Kf1 Ke8 33. Rc1 Rd8 34.
Rxd8+ Bxd8 35. g3 h4 36. Bf2 hxg3 37. hxg3 Rh8 38. Be1 Rh1+ 39. Ke2 Rh2+ 40.
Kf1 Bb6 0-1

[Event "17. European Women's Championship 2016"]
[Site "Mamaia ROU"]
[Date "2016.06.05"]
[Round "9.9"]
[White "Goryachkina, Aleksandra"]
[Black "Khukhashvili, Sopiko"]
[Result "1/2-1/2"]
[WhiteElo "2485"]
[BlackElo "2355"]
[PlyCount "156"]
[EventDate "2016.05.27"]
[EventType "swiss"]
[EventRounds "11"]
[EventCountry "ROU"]
[Source "lmi"]
[SourceDate "2016.05.26"]

1. d4 Nf6 2. c4 e6 3. g3 Bb4+ 4. Bd2 Qe7 5. Nf3 O-O 6. Bg2 Bxd2+ 7. Qxd2 d5 8.
O-O c6 9. Qc2 b6 10. Nbd2 Ba6 11. Rfe1 Rc8 12. e4 Nbd7 13. b3 h6 14. e5 Ne8 15.
a4 Nc7 16. a5 c5 17. Qb2 Rab8 18. axb6 Rxb6 19. Qa3 Kf8 20. cxd5 Nxd5 21. Nc4
Bxc4 22. bxc4 Nb4 23. Qxa7 Nc6 24. Qa2 cxd4 25. Rad1 Qc5 26. Qe2 Rb4 27. Bf1 g6
28. Qe4 Kg7 29. h4 h5 30. Qf4 Rf8 31. Qg5 Rb3 32. Rd3 Rc3 33. Rxc3 dxc3 34. Qe3
Qxe3 35. Rxe3 c2 36. Rc3 Nb4 37. Nd4 Nxe5 38. Kg2 Rc8 39. c5 Ned3 40. Nxc2 Nxc2
41. Bxd3 Ne1+ 42. Kf1 Nxd3 43. Rxd3 Rxc5 44. Rd7 Kf6 45. Ke2 Rd5 46. Ra7 e5 47.
Ke3 Ke6 48. Rb7 Rd7 49. Rb5 Ra7 50. Rc5 f6 51. Rc8 Ra3+ 52. Ke2 Kf5 53. Rf8 Ra6
54. Rg8 Ra4 55. Rf8 e4 56. Rf7 Ra6 57. Ke3 Re6 58. f3 exf3+ 59. Kxf3 Ra6 60.
Rg7 Ra3+ 61. Kg2 Ra4 62. Rg8 Rg4 63. Kf3 Ra4 64. Rg7 Ra3+ 65. Kg2 g5 66. hxg5
fxg5 67. Rb7 Ra2+ 68. Kf3 g4+ 69. Ke3 Ra3+ 70. Kf2 Ra5 71. Rb2 Rc5 72. Ra2 Rd5
73. Rb2 Ke4 74. Re2+ Kd3 75. Re3+ Kd4 76. Re8 Rf5+ 77. Kg2 Re5 78. Rh8 Re2+
1/2-1/2

[Event "17. European Women's Championship 2016"]
[Site "Mamaia ROU"]
[Date "2016.06.05"]
[Round "9.10"]
[White "Nechaeva, Marina"]
[Black "Osmak, Iulija"]
[Result "1/2-1/2"]
[WhiteElo "2416"]
[BlackElo "2345"]
[PlyCount "84"]
[EventDate "2016.05.27"]
[EventType "swiss"]
[EventRounds "11"]
[EventCountry "ROU"]
[Source "lmi"]
[SourceDate "2016.05.26"]

1. d4 Nf6 2. Nf3 e6 3. c3 c5 4. Bf4 Qb6 5. Qb3 Be7 6. e3 d5 7. Nbd2 Nc6 8. h3
Bd7 9. Be2 O-O 10. O-O Rfc8 11. Rfe1 Na5 12. Qxb6 axb6 13. Bd3 Nc6 14. a3 h6
15. Rac1 Kf8 16. g4 Ne8 17. Bg3 Bd6 18. Ne5 Nxe5 19. dxe5 Be7 20. e4 Nc7 21.
exd5 Nxd5 22. c4 Bg5 23. Rcd1 Bxd2 24. Rxd2 Ne7 25. Bc2 Bc6 26. f4 b5 27. cxb5
Bxb5 28. f5 Nd5 29. Be4 Bc6 30. Rf2 Kg8 31. Rc2 Ba4 32. Rcc1 b6 33. Kh2 Bb3 34.
Re2 Ra4 35. Rce1 Rd4 36. Bf2 Ra4 37. Rd2 Re8 38. Kg3 Rd8 39. h4 Rd7 40. Bf3
Raa7 41. fxe6 fxe6 42. h5 Ne7 1/2-1/2

[Event "17. European Women's Championship 2016"]
[Site "Mamaia ROU"]
[Date "2016.06.05"]
[Round "9.11"]
[White "Matnadze, Ana"]
[Black "Melia, Salome"]
[Result "1-0"]
[WhiteElo "2332"]
[BlackElo "2409"]
[PlyCount "104"]
[EventDate "2016.05.27"]
[EventType "swiss"]
[EventRounds "11"]
[EventCountry "ROU"]
[Source "lmi"]
[SourceDate "2016.05.26"]

1. d4 Nf6 2. c4 c5 3. Nf3 cxd4 4. Nxd4 Nc6 5. Nc3 Qb6 6. e3 e6 7. Be2 Be7 8.
O-O O-O 9. b3 d5 10. cxd5 exd5 11. Bb2 Nxd4 12. Qxd4 Qxd4 13. exd4 Bd7 14. Rfe1
Rfe8 15. Bd3 Bb4 16. a3 Ba5 17. Re5 Rac8 18. Nxd5 Rxe5 19. Nxf6+ gxf6 20. dxe5
Bc3 21. Bxc3 Rxc3 22. Be4 fxe5 23. Bxb7 Rxb3 24. Ba6 Kf8 25. Kf1 Ke7 26. Ke1 f5
27. a4 Rb4 28. Bb5 a5 29. Bd3 e4 30. Bc2 Kf6 31. Kd2 Ke5 32. Ra3 f4 33. g3 f3
34. Ke3 Rc4 35. Kd2 Kd4 36. Re3 Bc6 37. Ra3 Rb4 38. Re3 Rb2 39. Kc1 Rb4 40. Kd2
Bd5 41. Kc1 Rb6 42. Kd2 Rh6 43. h4 Rg6 44. Ra3 Rc6 45. Re3 Rb6 46. Kc1 Rb4 47.
Kd2 Bc6 48. Ra3 Rc4 49. Re3 Kc5 50. Ra3 Kb4 51. Rb3+ Kxa4 52. Bd1 Rd4+ 1-0

[Event "17. European Women's Championship 2016"]
[Site "Mamaia ROU"]
[Date "2016.06.05"]
[Round "9.12"]
[White "Kursova, Maria"]
[Black "Peptan, Corina-Isabela"]
[Result "1-0"]
[WhiteElo "2319"]
[BlackElo "2402"]
[PlyCount "63"]
[EventDate "2016.05.27"]
[EventType "swiss"]
[EventRounds "11"]
[EventCountry "ROU"]
[Source "lmi"]
[SourceDate "2016.05.26"]

1. d4 Nf6 2. Nf3 e6 3. c4 b6 4. a3 Bb7 5. Nc3 Be7 6. d5 O-O 7. e4 exd5 8. cxd5
Re8 9. Bd3 c6 10. O-O cxd5 11. exd5 h6 12. Bc4 Qc7 13. Be2 Ba6 14. Re1 Bf8 15.
g3 Bxe2 16. Rxe2 Na6 17. Bf4 Qb7 18. Be5 Ng4 19. Qc2 h5 20. Rae1 Nxe5 21. Nxe5
d6 22. Nc6 Nc7 23. Ne7+ Bxe7 24. Rxe7 g6 25. Nb5 Kf8 26. Qxc7 Rxe7 27. Rxe7
Qxd5 28. Nc3 Qb3 29. Qxd6 Kg8 30. Qd5 Qxd5 31. Nxd5 Rd8 32. Ne3 1-0

[Event "17. European Women's Championship 2016"]
[Site "Mamaia ROU"]
[Date "2016.06.05"]
[Round "9.13"]
[White "Arakhamia-Grant, Ketevan"]
[Black "Gara, Anita"]
[Result "0-1"]
[WhiteElo "2364"]
[BlackElo "2345"]
[PlyCount "94"]
[EventDate "2016.05.27"]
[EventType "swiss"]
[EventRounds "11"]
[EventCountry "ROU"]
[Source "lmi"]
[SourceDate "2016.05.26"]

1. e4 c5 2. Nf3 e6 3. d4 cxd4 4. Nxd4 Nc6 5. Nc3 Qc7 6. Be3 Nf6 7. Qd2 a6 8.
O-O-O Be7 9. f3 O-O 10. g4 b5 11. g5 Nh5 12. Kb1 Ne5 13. f4 Ng4 14. e5 Bb7 15.
Rg1 b4 16. Nce2 Nxe3 17. Qxe3 d6 18. Bh3 dxe5 19. fxe5 g6 20. Rd2 Bc5 21. Rgd1
Rad8 22. Bg4 Ng7 23. Qg3 Rd7 24. Nb3 Rxd2 25. Rxd2 Bb6 26. h4 a5 27. Qf4 Rc8
28. Nbd4 Qc5 29. Bf3 Bxf3 30. Nxf3 Qc6 31. Ng3 a4 32. Nd4 Bxd4 33. Qxd4 b3 34.
c3 Nf5 35. Nxf5 gxf5 36. a3 Kg7 37. Kc1 Qh1+ 38. Rd1 Qh2 39. Rd2 Qg3 40. Re2 f4
41. Qf2 Rc4 42. h5 Qg4 43. Kd2 f3 44. Re3 Rf4 45. h6+ Kg6 46. Re1 Qf5 47. Kc1
Rg4 0-1

[Event "17. European Women's Championship 2016"]
[Site "Mamaia ROU"]
[Date "2016.06.05"]
[Round "9.14"]
[White "Lazarne Vajda, Szidonia"]
[Black "Arabidze, Meri"]
[Result "1-0"]
[WhiteElo "2345"]
[BlackElo "2363"]
[PlyCount "85"]
[EventDate "2016.05.27"]
[EventType "swiss"]
[EventRounds "11"]
[EventCountry "ROU"]
[Source "lmi"]
[SourceDate "2016.05.26"]

1. e4 e5 2. Nf3 Nc6 3. d4 exd4 4. Bc4 Nf6 5. e5 d5 6. Bb5 Ne4 7. Nxd4 Bd7 8.
Bxc6 bxc6 9. O-O Bc5 10. f3 Ng5 11. f4 Ne4 12. Be3 O-O 13. Nd2 Nxd2 14. Qxd2
Re8 15. Nb3 Bb6 16. Rae1 Bf5 17. a4 Rb8 18. Qc3 f6 19. Bxb6 cxb6 20. Nd4 Qd7
21. Nxf5 Qxf5 22. Qxc6 fxe5 23. Qxd5+ Kh8 24. c4 Qc2 25. Rf2 Qxa4 26. fxe5 Rbc8
27. Ref1 h6 28. e6 Qb4 29. Rf7 Qc5+ 30. Kh1 Qe3 31. h3 Qe2 32. Qd4 Rg8 33. e7
Rxc4 34. e8=Q Qxf1+ 35. Rxf1 Rxd4 36. Qe7 a5 37. Rf7 Rb4 38. Qe5 a4 39. Rb7 Rb3
40. h4 a3 41. bxa3 Rxa3 42. Rxb6 Kh7 43. Rxh6+ 1-0

[Event "17. European Women's Championship 2016"]
[Site "Mamaia ROU"]
[Date "2016.06.05"]
[Round "9.15"]
[White "Charochkina, Daria"]
[Black "Styazhkina, Anna"]
[Result "0-1"]
[WhiteElo "2362"]
[BlackElo "2302"]
[PlyCount "112"]
[EventDate "2016.05.27"]
[EventType "swiss"]
[EventRounds "11"]
[EventCountry "ROU"]
[Source "lmi"]
[SourceDate "2016.05.26"]

1. Nf3 d5 2. c4 c6 3. g3 Bg4 4. Ne5 Bf5 5. Bg2 e6 6. cxd5 exd5 7. O-O Bd6 8. d4
Nf6 9. Nc3 O-O 10. Bf4 Na6 11. Qb3 Rb8 12. Rac1 Nc7 13. Rfd1 Ne6 14. Be3 Re8
15. h3 h5 16. f4 Nd7 17. Qa4 f6 18. Nxd7 Qxd7 19. Bf2 Nf8 20. e4 dxe4 21. d5 e3
22. Be1 e2 23. Rd2 b5 24. Qd4 c5 25. Qf2 Bxh3 26. Ne4 Bxg2 27. Qxg2 c4 28. Rxe2
Ng6 29. Bc3 Kf7 30. Qf3 h4 31. f5 Ne5 32. Qh5+ Kg8 33. Rh2 Qf7 34. Qxf7+ Nxf7
35. Rxh4 Be5 36. Rd1 Rbd8 37. Ba5 Rd7 38. Rd2 Nd6 39. Nxd6 Bxd6 40. g4 Re5 41.
Bc3 Bc5+ 42. Kg2 Rdxd5 43. Rxd5 Rxd5 44. a3 Bd4 45. Bb4 Bxb2 46. Rh3 Be5 47.
Re3 Rd4 48. Bc3 Rxg4+ 49. Kh3 Rg1 50. Bxe5 fxe5 51. Rxe5 a6 52. Re8+ Kf7 53.
Ra8 c3 54. Rc8 Rc1 55. Kg2 a5 56. Kf2 c2 0-1

[Event "17. European Women's Championship 2016"]
[Site "Mamaia ROU"]
[Date "2016.06.05"]
[Round "9.16"]
[White "Brunello, Marina"]
[Black "Batsiashvili, Nino"]
[Result "1/2-1/2"]
[WhiteElo "2336"]
[BlackElo "2476"]
[PlyCount "120"]
[EventDate "2016.05.27"]
[EventType "swiss"]
[EventRounds "11"]
[EventCountry "ROU"]
[Source "lmi"]
[SourceDate "2016.05.26"]

1. e4 e5 2. Nf3 Nc6 3. Bc4 Nf6 4. d3 Bc5 5. c3 a6 6. Bg5 h6 7. Bh4 g5 8. Bg3 d6
9. Nbd2 Qe7 10. Bb3 Bd7 11. Nf1 O-O-O 12. Ne3 Rdf8 13. Qc2 Nh5 14. O-O-O Ba7
15. Rhe1 Qd8 16. Kb1 Bxe3 17. fxe3 Nxg3 18. hxg3 f5 19. Nd2 Ne7 20. d4 exd4 21.
exd4 fxe4 22. Qxe4 Bf5 23. Be6+ Qd7 24. Bxf5 Qxf5 25. Nf3 Re8 26. Nh2 d5 27.
Qc2 Rhf8 28. Rd3 Ng8 29. Rde3 Rxe3 30. Qxf5+ Rxf5 31. Rxe3 Kd7 32. Ng4 h5 33.
Ne5+ Kd6 34. Re2 Nf6 35. Nf7+ Kd7 36. Ne5+ Kc8 37. Kc2 Rf1 38. Nf3 g4 39. Nd2
Rf5 40. Kd3 Kd7 41. Re1 Ne8 42. Rf1 Nd6 43. Rxf5 Nxf5 44. Nf1 Kd6 45. c4 dxc4+
46. Kxc4 b5+ 47. Kd3 Kd5 48. Ne3+ Nxe3 49. Kxe3 Kc4 50. Ke4 a5 51. Ke3 b4 52.
Ke4 a4 53. Ke3 a3 54. b3+ Kc3 55. d5 Kc2 56. Ke2 Kc1 57. Ke1 Kb2 58. Kd2 Kxa2
59. Kc2 Ka1 60. Kc1 Ka2 1/2-1/2

[Event "17. European Women's Championship 2016"]
[Site "Mamaia ROU"]
[Date "2016.06.05"]
[Round "9.17"]
[White "Nikolova, Adriana"]
[Black "Girya, Olga"]
[Result "1/2-1/2"]
[WhiteElo "2331"]
[BlackElo "2443"]
[PlyCount "95"]
[EventDate "2016.05.27"]
[EventType "swiss"]
[EventRounds "11"]
[EventCountry "ROU"]
[Source "lmi"]
[SourceDate "2016.05.26"]

1. e4 c6 2. d4 d5 3. Nd2 dxe4 4. Nxe4 Bf5 5. Ng3 Bg6 6. h4 h6 7. Nf3 Nd7 8. Bd3
Bxd3 9. Qxd3 e6 10. Bd2 Ngf6 11. O-O-O Be7 12. Kb1 Rc8 13. Ne4 c5 14. dxc5 Nxc5
15. Nxf6+ Bxf6 16. Qb5+ Qd7 17. Qxd7+ Nxd7 18. Be3 b6 19. Nd4 Bxd4 20. Bxd4 Nf6
21. Rd3 Ke7 22. Rhd1 Rc7 23. Be5 Rb7 24. c4 Rc8 25. b3 Ne4 26. Bd4 g6 27. f3
Nc5 28. R3d2 a5 29. Be3 a4 30. b4 Nd7 31. Rc2 Rbc7 32. Rdc1 h5 33. c5 bxc5 34.
Bxc5+ Nxc5 35. bxc5 Rb8+ 36. Ka1 Rb4 37. Rc4 Rxc4 38. Rxc4 e5 39. Kb2 Ke6 40.
Rxa4 Rxc5 41. Ra6+ Kf5 42. Ra4 f6 43. g4+ Ke6 44. Ra6+ Kf7 45. Ra7+ Ke6 46.
Ra6+ Kf7 47. Ra7+ Ke6 48. Ra6+ 1/2-1/2

[Event "17. European Women's Championship 2016"]
[Site "Mamaia ROU"]
[Date "2016.06.05"]
[Round "9.18"]
[White "Khurtsidze, Nino"]
[Black "Tomilova, Elena"]
[Result "1-0"]
[WhiteElo "2409"]
[BlackElo "2305"]
[PlyCount "75"]
[EventDate "2016.05.27"]
[EventType "swiss"]
[EventRounds "11"]
[EventCountry "ROU"]
[Source "lmi"]
[SourceDate "2016.05.26"]

1. d4 d5 2. c4 dxc4 3. e3 Nf6 4. Bxc4 e6 5. Nf3 c5 6. O-O a6 7. Qe2 Nc6 8. dxc5
Bxc5 9. a3 b5 10. Bd3 Bb7 11. b4 Ba7 12. Bb2 Qe7 13. Nbd2 O-O 14. Rac1 Rac8 15.
Ng5 e5 16. Nde4 Nxe4 17. Nxe4 f5 18. Nc5 Kh8 19. Qh5 e4 20. Bb1 Bb8 21. f4 a5
22. Ba2 Nd8 23. Rfd1 Bd6 24. Qh6 Bxc5 25. bxc5 Rc6 26. Rd6 b4 27. axb4 axb4 28.
Bb3 Ba8 29. Kh1 Re8 30. h3 Qf8 31. Rcd1 Rxd6 32. cxd6 Nf7 33. Bxf7 Qxf7 34. d7
Rd8 35. Qb6 Qe7 36. Be5 h6 37. Qxd8+ Qxd8 38. Bc7 1-0